00666nam a2200193 a 450000500170000000800410001702000180005805000240007610000200010024500610012025000180018126000470019930000130024644000320025965000130029165000320030499900190033695201170035520140414132126.0130204s19uu xx 00 eng d a9780328675456 aTR 372.4bF716 2011 aForesman, Scott aFirst stop on reading street Grade 1: Unit R volume 1/. aInternational aUnited States :bPearson Education,c2011. aiii,563p aMy Teaching Library Package aReading. aReading-study and teaching. c115212d115212 00104050aMUbMUcTRd2013-02-04eLib. Fundl0oTR 372.4 F716 2011pM7220r2014-04-14 00:00:00w2014-04-14yBK